| 000 | 00740nam a2200217 u 4500 | ||
|---|---|---|---|
| 005 | 20220818063529.0 | ||
| 008 | 100701s2009 mx r 000 0 spa d | ||
| 020 | _a9789681850791 | ||
| 035 | _aUPN01000177113 | ||
| 049 | _aCG | ||
| 050 | 4 |
_aQA95 _bV3.5 |
|
| 100 | 1 |
_aVanCleave, Janice Pratt, _d1942- _930251 |
|
| 245 | 1 | 0 |
_aMatemáticas para niños y jovenes : _bactividades fáciles para aprender matemáticas jugando / _cJanice VanCleave ; il. Barbara Clark. |
| 260 |
_aMéxico : _bLimusa, _cc2009. |
||
| 300 |
_a262 p. : _bil. |
||
| 440 | 0 | _aBiblioteca científica para niños y jóvenes | |
| 650 | 0 |
_aRecreaciones matemáticas _96050 |
|
| 650 | 4 |
_aMATEMATICAS - _vLITERATURA JUVENIL _913675 |
|
| 905 | _aLibro | ||
| 999 |
_c149216 _d149216 |
||